Horizons in neuroscience research Volume 12

Gespeichert in:
Bibliographische Detailangaben
Weitere Verfasser: Costa, Andreas (Herausgegeben von), Villalba, Eugenia (Herausgegeben von)
Format: Buch
Sprache:Englisch
Veröffentlicht: New York Nova Science Publishers, Inc. 2013.
Schriftenreihe:Horizons in neuroscience research
Schlagworte:
Online-Zugang:Im OPAC anzeigen
Tags: Tag hinzufügen
Keine Tags, Fügen Sie das erste Tag hinzu!

MARC

LEADER 00000nam a2200000 a 4500
005 20260127134007.0
008 131209 2013 000 0 eng d
020 |a 9781626189645 
035 |a vtls010563787 
039 9 |a 201312091351  |b mschk03  |c 201312091348  |d mschk03  |c 201312091336  |d mschk03  |c 201312091336  |d mschk03  |y 201312091335  |z mschk03 
040 |a STUSCHK1  |b slo  |c STUSCHK1  |e AACR2 
080 |a 612.8  |2 14 
245 1 |a Horizons in neuroscience research  |b Volume 12  |c Edited by Andreas Costa and Eugenio Villalba 
260 |a New York  |b Nova Science Publishers, Inc.  |c 2013. 
300 |a xi,270 p.  |b ill.  |c 26 cm 
490 0 |a Horizons in neuroscience research 
504 |a Includes index 
650 0 |a Neuroscience 
700 1 |a Costa, Andreas  |4 edt. 
700 1 |a Villalba, Eugenia  |4 edt. 
910 |a SCHK95 
919 |a 978-1-62618-964-5 
999 |c 1680  |d 1680